Green profits : (Registro nro. 5606)

Detalles MARC
000 -CABECERA
Campo de control 00726nam a2200229 a 4500
005 - FECHA Y HORA DE LA ULTIMA TRANSACCION
Campo de control 20191224041810.0
008 - ELEMENTOS DE LONGITUD FIJA—INFORMACION GENERAL
Campo de control 160212t2001 -ukad fr|||| 001 0 eng d
020 ## - ISBN
ISBN 0750674016
040 ## - FUENTE DE CATALOGACIÓN
Agencia catalogadora original CO-BoIAVH
Agencia transcriptora CO-BoIAVH
041 0# - IDIOMA
Código de idioma para texto/pista de sonido o título separado Inglés
044 ## - PAÍS DE PUBLICACIÓN
País de publicación Inglaterra
082 04 - NUMERO DE CLASIFICACION DECIMAL DEWEY
Número de clasificación 354.335
Número del ítem C52g
100 1# - ASIENTO PRINCIPAL--NOMBRE PERSONAL
Nombre personal Cheremisinoff, Nicholas P.
9 (RLIN) 59104
245 10 - MENCION DE TITULO
Título Green profits :
Parte restante del título the manager's handbook for ISO 14001 and pollution prevention
260 ## - PUBLICACION, DISTRIBUCION, ETC. (PIE DE IMPRENTA)
Lugar de publicación, distribución, etc. Boston :
Nombre del editor, distribuidor, etc. Butterworth Heinemann,
Fecha de publicación, distribución, etc. c2001.
300 ## - DESCRIPCION FISICA
Extensión 380 páginas :
Otros detalles físicos Ilustraciones, gráficos ;
Dimensiones 25 x 16 cm.
650 16 - ASIENTO SECUNDARIO DE MATERIA - TERMINO TEMATICO
Término temático o nombre geográfico como elemento de entrada Polución
9 (RLIN) 17175
650 26 - ASIENTO SECUNDARIO DE MATERIA - TERMINO TEMATICO
Término temático o nombre geográfico como elemento de entrada Política ambiental
9 (RLIN) 92286
650 26 - ASIENTO SECUNDARIO DE MATERIA - TERMINO TEMATICO
Término temático o nombre geográfico como elemento de entrada Prevención
9 (RLIN) 59107
700 1# - ASIENTO SECUNDARIO - NOMBRE PERSONAL
Nombre personal Bendavid Val, Avrom
9 (RLIN) 59108
942 ## - ELEMENTOS ADICIONALES (KOHA)
Tipo de ítem Libro
Sistema de clasificación Dewey Decimal Classification
Existencias
Withdrawn status Lost status Sistema de Clasificación Damaged status No para préstamo Colección Inventariado Ubicación Permanente Ubicación actual Fecha de adquisición Fuente de Valor Valor Total Checkouts Número topográfico Inventario / Código de Barras Date last seen Ejemplar Price effective from Forma de adquisición Tipo de material
    Dewey Decimal Classification     General Inventariado 2017 Bogotá Bogotá 14/06/2007 Instituto 39000.00   LB-354.335 C52g 024498 04/12/2012 Ej.1 04/12/2012   Libro